Oeconomische Encyklopädie, oder allgemeines System der Staats- Stadt- Haus- und Landwirthschaft, in alphabetischer Ordnung Vier und dreyßigster Theil von Kamp bis Karo. Nebst 33. Kupfertafeln

Bibliographic Details
Main Author: Krünitz, Johann Georg, 1728-1796 (Author)
Corporate Author: Trassler, Josef Jiří (Brno, Česko) (Printer)
Format: Book
Language:German
PhysicalDescription:[2], 771 strán, [33] listov frontispice ; ilustrácie 21 cm
Published: Brünn gedruckt bey Joseph Georg Traßler, Buchdrucker, Buch- und Kunsthändler 1790
Subjects:

MARC

LEADER 00000nam a2200000 a 4500
001 vtls011425950
003 SK-MaSNL
005 20260420121311.0
008 251112 1790 xr a 000 0 ger
015 |a SNBHFA1790 
035 |a 7FC5FDC1-A00F-4C30-BF6D-C86FD54D90A7 
035 |a urn:nbn:sk:snk-amybr0 
035 |a urn:nbn:sk:snk-am00cerf 
040 |a SNKHF  |b slo  |c SNK  |e AACR2 
041 0 |a ger 
044 |a xr  |c CZ 
072 7 |a 03  |x Všeobecné encyklopédie  |2 konspekt 
072 7 |a 00  |x Veda. Všeobecnosti. Základy vedy a kultúry. Vedecká práca  |2 konspekt 
080 |a (031)  |2 2011 
080 |a (030)  |2 2011 
080 |a (031.038)  |2 2011 
080 |a a 64  |2 2011 
100 1 |a Krünitz, Johann Georg,  |d 1728-1796  |4 aut  |9 322733 
245 1 0 |a Oeconomische Encyklopädie, oder allgemeines System der Staats- Stadt- Haus- und Landwirthschaft, in alphabetischer Ordnung  |n Vier und dreyßigster Theil  |p von Kamp bis Karo. Nebst 33. Kupfertafeln  |c von D. Johann Georg Krünitz 
246 3 8 |a D.J.G. Krünitz Oeconomische Enzyklopädie  |n XXXIV. Theil  |p Kamp - Karo 
260 |a Brünn  |b gedruckt bey Joseph Georg Traßler, Buchdrucker, Buch- und Kunsthändler  |c 1790 
300 |a [2], 771 strán, [33] listov  |b frontispice ; ilustrácie  |c 21 cm 
500 |a Vineta, typografické ozdoby, iniciálka na 3 riadky tlačená bez pozadia, živé záhalvie, kustody 
504 |a Tlačené poznámky pod textom 
508 |a Na frontispice alegória rôznych vedných odborov, nesignované. Vzadu príloha - 33 medirytín, zobrazenia nástrojov, pomôcok, spôsobov práce, ukážky rôznych predmetov a objektov. 
561 |a Pôvodný exlibris: Franciscus Comes Berchtoldt.  |5 SNK IC 60295/34 D1 
561 |a Z knižnice Učenej spoločnosti malohontskej.  |5 SNK IC 60295/34 D2 
650 0 7 |a domáce hospodárstvo  |2 SNKPH  |9 2073 
655 7 |a encyklopédie  |2 SNKPH  |9 28776 
700 1 |a Berchtold, František,  |d 1730-1793  |4 fmo  |9 166588 
710 0 |a Trassler, Josef Jiří (Brno, Česko),  |d 1786-1816  |4 prt  |9 161102 
710 2 |a Učená spoločnosť malohontská  |4 fmo  |9 205374 
752 |a Česko  |d Brno 
852 |a snk  |b Historické fondy  |p IC 60295/34 D1 
852 |a snk  |b Historické fondy  |p IC 60295/34 D2 
958 |a ONDV 
999 |c 757608  |d 759538 
952 |a SNK  |b SNK  |y PREZ  |7 0  |o snkIC 60295/34  |i snkF 895/75  |8 5  |0 0  |1 0  |4 0  |d 2016-03-09  |l 0  |r 2026-02-23 23:53:54  |w 2026-02-23 
952 |t Be 96  |a SNK  |b SNK  |c SNK_HF  |y PREZ  |7 0  |p 17A1128089  |o snkIC 60295/34 D1  |i snk2015/32562  |8 5  |0 0  |1 0  |4 0  |d 2015-12-03  |f 1  |l 0  |r 2026-02-23 23:53:54  |w 2026-02-23 
952 |t MHC X.A.1.34 ; 13  |a SNK  |b SNK  |c SNK_HF  |y PREZ  |7 0  |p 17A1354882  |o snkIC 60295/34 D2  |i snk2019/3545  |8 5  |0 0  |1 0  |4 0  |d 2019-02-07  |l 0  |r 2026-02-23 23:53:54  |w 2026-02-23